[Event "OP-2010-0-01109"]
[Site "LSS email"]
[Date "2010.03.12"]
[Round "?"]
[White "Arriola, Roger"]
[Black "Samson, Buck"]
[Result "1-0"]
[WhiteElo "827"]
[BlackElo "950"]
[PlyCount "37"]
[EventDate "2010.03.08"]
[EventType "tourn (corr)"]
[EventRounds "4"]
[EventCountry "GER"]
[SourceTitle "Corr 2013"]
[Source "ChessBase"]
[SourceDate "2012.11.12"]
[SourceVersion "1"]
[SourceVersionDate "2012.11.12"]
[SourceQuality "1"]

1. e4 c5 2. Nc3 d6 3. Bc4 Nf6 4. Nf3 g6 5. d4 Nc6 6. Bg5 Bg7 7. e5 dxe5 8. Bxf6 Bxf6 9. d5 Nd4 10. Nxd4 exd4 11. Ne4 Qa5+ 12. c3 Bg7 13. 0-0 0-0 14. a3 e6 15. b4 Qd8 16. f4 exd5 17. Bxd5 Qxd5 18. Nxc5 Rd8 19. c4 1-0